Statistics for Foods that start with A

Click here to take the quiz!

General Stats

  • This quiz has been taken 1,932 times
    (1,882 since last reset)
  • The average score is 7 of 15

Answer Stats

HintAnswer% Correct
A type of beer with a bitter flavor and higher alcoholic content.ale
79%
A small, soft, orange colored fruitapricot
77%
A common, small, saltwater fish used in saucesanchovy
77%
A thin type of pastaangel hair
68%
A plant related to fennel or celery that produces a seed used for cookinganise
60%
The nut of the tree P. Dulcisalmond
54%
A long, woody stalk whose new buds are eatenasparagus
41%
The flowerbud of a certain thistle usually boiled in water until tenderartichoke
39%
A sauce akin to mayonnaiseaioli
36%
Also called an alligator pearavocado
35%
A leaf vegetable like lettuce used for edible garnisharugula
29%
A crumbly cheese a lot like parmesanasiago
24%
A name for small, edible sea snailsabalone
23%
A perrenial forage cut as hay with certaian medical usesalfalfa
21%
A sweetened puree of the fruit of the tree Malus Domesticaapple sauce
19%

Score Distribution

Percentile by Number Answered

Percent of People with Each Score

Your Score History

You have not taken this quiz since the last reset